| 000 | 01094nam a22003257a 4500 | ||
|---|---|---|---|
| 003 | CHAP | ||
| 005 | 20220329134035.0 | ||
| 008 | 971013s1976 r 00010 d | ||
| 010 | _a14507 | ||
| 011 | _a15479 | ||
| 035 | _a19555 | ||
| 040 | _cCHAP | ||
| 082 |
_a581.9095 _bG6 |
||
| 100 | 0 | 0 |
_aGoodall, David W. _eed. _949558 |
| 245 | _aEvolution of desert biota | ||
| 260 |
_aAustin : _bUniversity of Texas, _c1976 |
||
| 300 |
_a250 p. _b: ilus |
||
| 590 |
_aBATCH-UPD _b10 _c20130110 _lUCH01 _h1555 |
||
| 590 |
_aBATCH-UPD _b10 _c20130410 _lUCH01 _h0953 |
||
| 590 |
_aBATCH-UPD _b10 _c20130914 _lUCH01 _h1153 |
||
| 590 |
_aCONVERSION _b10 _c20130109 _lUCH01 _h1309 |
||
| 650 | 1 | 4 |
_aDesiertos _xEcologĂa. _932149 |
| 650 | 1 | 4 |
_aDesiertos _xFauna. _932150 |
| 650 | 1 | 4 |
_aFlora desértica. _941326 |
| 901 | _aBK | ||
| 942 | _cLIBRO | ||
| 949 |
_a581.9095 G6 _bBC _cLIBRO _d33724000450250 _eLIBRO _fc.3 _h51263 _i19555 _si _t670.00 |
||
| 949 |
_a581.9095 G6 _bBC _cLIBRO _d33724000450367 _eLIBRO _fc.2 _h51262 _i19555 _si _t670.00 |
||
| 949 |
_a581.9095 G6 _bBC _cLIBRO _d33724000452165 _eLIBRO _h48228 _i19555 _si _t670.00 |
||
| 999 |
_c14507 _d14507 |
||